000
00302nam a22001337a 4500
008
171201b xxu||||| |||| 00| 0 eng d
020
_a
9780801304866
041
_a
eng
080
_2
3RD
_a
37
100
_a
46
101
_a
EDU
245
_a
APPLYING EDUCATIONAL RESEARCH
_c
BORG,W.R
942
_2
udc
_c
BK
999
_c
38680
_d
38680